Psychology (Record no. 3447)

MARC details
000 -LEADER
fixed length control field 00506nam a22001697a 4500
003 - CONTROL NUMBER IDENTIFIER
control field OSt
005 - DATE AND TIME OF LATEST TRANSACTION
control field 20251215130221.0
008 - FIXED-LENGTH DATA ELEMENTS--GENERAL INFORMATION
fixed length control field 251215b |||||||| |||| 00| 0 eng d
020 ## - INTERNATIONAL STANDARD BOOK NUMBER
International Standard Book Number 9780340655399
040 ## - CATALOGING SOURCE
Transcribing agency Outspan Global University
050 ## - LIBRARY OF CONGRESS CALL NUMBER
Classification number BF121
Item number .G76 1998
100 ## - MAIN ENTRY--PERSONAL NAME
Personal name Richard Gross & Rob McIlveen
Relator term Authors
245 ## - TITLE STATEMENT
Title Psychology
Remainder of title A New Introduction
Statement of responsibility, etc. by Gross Richard & McIlveen Rob
260 ## - PUBLICATION, DISTRIBUTION, ETC.
Place of publication, distribution, etc. Great Britain
Name of publisher, distributor, etc. GreenGate Publishing Services
Date of publication, distribution, etc. 1998
300 ## - PHYSICAL DESCRIPTION
Extent 818p
942 ## - ADDED ENTRY ELEMENTS (KOHA)
Source of classification or shelving scheme Library of Congress Classification
Koha item type Books
Suppress in OPAC No

No items available.